Ukrainian cities by satellite - Statistics

General Stats
  • This quiz has been taken 20 times
  • The average score is 4 of 8
Answer Stats
Picture Answer % Correct
Kyiv
100%
Kharkiv
67%
Odesa
67%
Dnipro
60%
Donetsk
53%
Mykolaiv
40%
Poltava
20%
Uman
0%
No matching quizzes found
Score Distribution
Percent of People with Each Score
Percentile by Number Answered
Your Score History
You have not taken this quiz